Statistics for Rhino Species

Click here to take the quiz!

General Stats

  • This quiz has been taken 53 times
  • The average score is 5 of 5

Answer Stats

FamilyGenusSpeciesCommon name% Correct
DicerosBicornisBlack rhinoceros
100%
RhinocerotidaeCeratotheriumSimumWhite rhinoceros
100%
DicerorhinusSumatrensisSumatran rhinoceros
95%
UnicornisIndian rhinoceros
90%
RhinocerosSondaicusJavan rhinoceros
88%

Score Distribution

Percentile by Number Answered

Percent of People with Each Score

Your Score History

You have not taken this quiz